header

Putting faith in partnerships (Record no. 45921)

MARC details
000 -LEADER
fixed length control field 01718nam a22003614a 4500
082 04 - DEWEY DECIMAL CLASSIFICATION NUMBER
Classification number 362.5/84/0973
100 1# - MAIN ENTRY--AUTHOR NAME
Personal name Monsma, Stephen V.,
245 10 - TITLE STATEMENT
Title Putting faith in partnerships
260 ## - PUBLICATION, DISTRIBUTION, ETC. (IMPRINT)
Place of publication Ann Arbor :
Name of publisher University of Michigan Press,
Year of publication c2004.
300 ## - PHYSICAL DESCRIPTION
Number of Pages xx, 268 p.
490 1# - SERIES STATEMENT
Series statement Contemporary political and social issues
505 0# - FORMATTED CONTENTS NOTE
Formatted contents note Public-private partnerships : trends and issues -- The providers of welfare-to-work services -- The services provided -- The government-provider relationship -- Public-private partnerships : public policy issues.
650 #0 - SUBJECT ADDED ENTRY--TOPICAL TERM
Topical Term Welfare recipients
Topical Term Public-private sector cooperation
Topical Term Church charities
856 40 - ELECTRONIC LOCATION AND ACCESS
Uniform Resource Identifier http://site.ebrary.com/lib/rucke/Doc?id=10351532

No items available.

© 2026 Rongo University
Contact us: librarian | system librarian | Rongo university